Post-Keynesian economic theory /

Guardado en:
Otros Autores: Wells, Paul J., 1925-
Formato: Libro
Idioma:English
Publicado: Boston : Kluwer Academic Publishers, c1995.
Series:Recent economic thought series
Materias:
Etiquetas: Agregar Etiqueta
Sin Etiquetas, Sea el primero en etiquetar este registro!
LEADER 01645cam a2200313 a 4500
001 EEO.eeo001038
008 950228s1995####maua###g#b####001#0#eng##
005 20101006124417.0
245 0 0 |a Post-Keynesian economic theory /  |c edited by Paul Wells. 
260 |a Boston :  |b Kluwer Academic Publishers,  |c c1995. 
300 |a xiii, 109 p. :  |b il. ;  |c 24 cm. 
490 1 |a Recent economic thought series 
504 |a Incluye referencias bibliográficas e índice. 
505 0 |a Liquidity preference in international finance : the case of developing countries / Dow, Sheila C. -- Post-keynesian developments of liquidity preference theory / Carvalho, Fernando J. Cardim de, 1953- -- Firm-determined prices : the post-keynesian conception / Shapiro, Nina, 1947- ; Mott, Tracy -- The monetary and the real : sectoral interdependence and market outcomes / Vickers, Douglas, 1924- -- Mr. Keynes, the new keynesians, and the concept of full employment / Darity, William ; Goldsmith, Arthur H. -- Causes for persistent unemployment and fluctuations in monetary economies / Amadeo, Edward j. 
020 |a 0792395700 (acid-free paper) 
700 1 |a Wells, Paul J.,  |d 1925- 
830 0 |a Recent economic thought series 
082 0 0 |a 330.15/6  |2 20 
650 7 |a Postkeynesianismo.  |2 Isoc 
650 7 |a Preferencia por la liquidez.  |2 Isoc 
650 7 |a Desempleo.  |2 Isoc 
650 7 |a Ciclos económicos.  |2 Isoc 
650 7 |a Teoría de los precios.  |2 Isoc 
650 7 |a Macroeconomía.  |2 Isoc 
653 |a Keynes 
010 |a  95008144  
040 |a DLC  |c DLC  |d DLC 
050 0 0 |a HB99.7  |b .P68 1995 
859 |a AR-BaUEB  |b BIB. ECONOMIA - General  |h 330.15  |i W462  |p ef0051